000 00707nam a22002057a 4500
003 OSt
005 20250621025623.0
008 250617b |||||||| |||| 00| 0 eng d
020 _a978-621-427-199-3
040 _aDWCL - Main lib
_cOC
082 _aFil. 658.401 B212c 2024
100 _aBanaag, Francis B.
245 _aConcepts and approaches in inventory management and control/
_cFrancis B. Banaag [and two others]
260 _aIntramuros, Manila:
_bUnlimited Books Library Services & Publishing Inc.,
_cc2024.
504 _aIncludes bibliographical references.
650 _a1. Inventory-management.
700 _aSergote, Jessie
700 _aDucut, Rodolfo L.
942 _2ddc
_cBK - FIL
_kFil.
_n0
999 _c3109
_d3109